| 000 | 01309nam a22002657a 4500 | ||
|---|---|---|---|
| 005 | 20121010141910.0 | ||
| 008 | 121010t xxu||||| |||| 00| 0 mar d | ||
| 010 | _aMAR-22887 | ||
| 020 |
_c200.00 _a9788184984323 |
||
| 035 | _aMR-15545 | ||
| 037 | _bDBAD/PUB | ||
| 040 |
_aDPL _bMR |
||
| 082 | _a823 | ||
| 100 |
_953016 _aहॉर्नंग, इव्हा |
||
| 245 |
_aडॉग बॉय / _cइव्हा हॉर्नंग ; स्वाती काळे द्वारा अनुवादित |
||
| 246 |
_aDog Boy _bby Eva Hornung |
||
| 260 |
_aपुणे _bमेहता पब्लिशिंग हाऊस _c2012 |
||
| 270 |
_bपुणे _a1941,सदाशिव पेठ,माडीवाले कॉलनी, _e411030 |
||
| 300 |
_aआठ,184पृ _c21सेमी(अजिल्द) |
||
| 650 |
_aअँग्रेजी कादंबरी _xमराठी भाषा में अनुवादित _954476 |
||
| 650 |
_aEnglish Fiction _xTranslated Into Marathi _954477 |
||
| 700 |
_aकाळे, स्वाती _954465 |
||
| 942 |
_2ddc _cMR _mहॉर्नंग _h823 |
||
| 999 |
_c72352 _d72352 |
||